Open Data Biblioteca Nacional de Portugal


República Portuguesa: Ministério da Cultura
Biblioteca Nacional de Portugal

Catálogo da BNP: acesso por Identificadores Unívocos
Registos Bibliográficos associados ao registo de autoridade

Etiqueta de registo: 00000nam 2200025 450
001 2120501
003 http://id.bnportugal.gov.pt/bib/catbnp/2120501
100 ## $a20230112d2021 k y0pory01030103ba
101 0# $aporeng $deng
102 ## $aPT
105 ## $aa m 000yy
106 ## $ar
200 1# $a A função do profissional de tradução no mercado global$etradução especializada para empresas de comunicação multilingue$fFilomena Susana Cordeiro Gomes da Silva Bernardo
210 #9 $aCoimbra$c[s.n.],$d2021
215 ## $a90 f.$cil.$d30 cm
300 ## $aTrabalho profissional inédito, Instituto Politécnico de Coimbra, ISCAC - Instituto Superior de Contabilidade e Administração de Coimbra, Coimbra Business School, 2021
675 ## $a378.6(079)$vBN$zpor$31563398
675 ## $a81'255(079)$vBN$zpor$31877927
700 #1 $aBernardo,$bFilomena Susana Cordeiro Gomes da Silva$31869143
801 #0 $aPT$bBN$gRPC
966 ## $lBN$mFGMON$sS.C. 160969 V.$x1
971 ## $cmsebas$d20230112
972 ## $e0$z0$d20230427$vasantos
973 ## $cigoulao$d20230330

Etiqueta de registo: 00254nam 2200025 450
001 2284205
003 http://id.bnportugal.gov.pt/bib/catbnp/2284205
100 ## $a20260413d2025 k y0pory01030103ba
101 0# $apor$deng
102 ## $aPT
105 ## $aa m 001yy
106 ## $ar
200 1# $aMediação intercultural e interlinguística no acesso à saúde$e o caso da comunidade lusófona deslocada no Massachusetts, EUA$fFilomena Susana Cordeiro Gomes da Silva Bernardo$gorient. Cornelia Elisabeth Plag, Izabel Emilia Telles de Vasconcelos Souza
210 #9 $aCoimbra$c[s.n.],$d2025
215 ## $aXVI, 327, [46] f.$cil.$d30 cm
328 #1 $aTese dout. Línguas Modernas (Cultura, Literatura e Tradução), Faculdade de Letras da Universidade de Coimbra, 2025
675 ## $a811.134.3'255(73)(043)$vBN$zpor$31998399
700 #1 $aBernardo,$bFilomena Susana Cordeiro Gomes da Silva$31869143
702 #1 $aPlag,$bCornelia$4727$3245004
702 #1 $aSouza,$bIzabel Emilia Telles de Vasconcelos$4727$31995485
801 #0 $aPT$bBN$gRPC
966 ## $lBN$mFGMON$sL. 181853 V.$x1
971 ## $cisantos$d20260413
973 ## $cigoulao$d20260514

OpendataBNP@bnportugal.pt | Mais informação sobre acesso aos dados BNP